[Event "Pan American-ch U20"]
[Site "Guatape"]
[Date "2016.06.24"]
[Round "7"]
[White "Ruiz Agudelo, Santiago"]
[Black "Suarez Ohiggins, Luis"]
[Result "1-0"]
[WhiteElo "1722"]
[BlackElo "1936"]
[PlyCount "107"]
[EventDate "2016.06.20"]
[EventType "swiss"]
[EventRounds "9"]
[EventCountry "COL"]
[SourceTitle "EXT 2017"]
[Source "ChessBase"]
[SourceDate "2016.10.25"]
[SourceVersion "1"]
[SourceVersionDate "2016.10.25"]
[SourceQuality "1"]

1. e4 e5 2. Nf3 Nc6 3. Bb5 a6 4. Ba4 Nf6 5. 0-0 Be7 6. Re1 b5 7. Bb3 d6 8. c3 0-0 9. h3 Na5 10. Bc2 c5 11. d4 Qc7 12. d5 c4 13. b4 cxb3 14. axb3 Bd7 15. Bd2 Nb7 16. Na3 Rfb8 17. Qe2 Nd8 18. Bd3 Ne8 19. Rec1 g6 20. b4 f5 21. c4 fxe4 22. Bxe4 bxc4 23. Nxc4 Bb5 24. Bd3 Qb7 25. Bg5 Bxg5 26. Nxg5 Qe7 27. Ne4 Ra7 28. Rcb1 Nf7 29. Ne3 Nc7 30. Bxb5 Nxb5 31. Ng4 Nd4 32. Qd3 Nb5 33. Ngf6+ Kg7 34. h4 Rc8 35. h5 Nh6 36. g4 Rf8 37. g5 Nf7 38. Qg3 Nd4 39. Kg2 Ne2 40. Qg4 Nf4+ 41. Kg3 gxh5 42. Nxh5+ Nxh5+ 43. Qxh5 Rh8 44. Rh1 h6 45. g6 Nd8 46. Rh3 Nb7 47. Rah1 Qe8 48. Rh4 Qe7 49. Qf5 a5 50. Kg4 axb4 51. Rxh6 Rxh6 52. Rxh6 Qf8 53. Rh7+ Kg8 54. Rh8+ 1-0

[Event "Pan American-ch U18"]
[Site "Cali"]
[Date "2015.07.03"]
[Round "9"]
[White "Suarez Ohiggins, Luis"]
[Black "Fuentes Parra, Victor Ignacio"]
[Result "1/2-1/2"]
[WhiteElo "2054"]
[BlackElo "2101"]
[PlyCount "44"]
[EventDate "2015.06.28"]
[EventType "swiss"]
[EventRounds "9"]
[EventCountry "COL"]
[SourceTitle "EXT 2016"]
[Source "ChessBase"]
[SourceDate "2015.10.08"]
[SourceVersion "1"]
[SourceVersionDate "2015.10.08"]
[SourceQuality "1"]

1. d4 d5 2. c4 c6 3. cxd5 cxd5 4. Nc3 Nf6 5. Nf3 Nc6 6. Bf4 Nh5 7. Bg3 Nxg3 8. hxg3 e6 9. e3 Be7 10. Bd3 h6 11. Rc1 Bd7 12. Qe2 0-0 13. 0-0 a6 14. a3 Rc8 15. Rc2 b5 16. b4 Qb6 17. Rfc1 Na7 18. Na2 Rxc2 19. Rxc2 Rc8 20. Ne5 Qd8 21. Nxd7 Qxd7 22. Rxc8+ Qxc8 1/2-1/2

[Event "South America-ch U18 11th"]
[Site "Montevideo"]
[Date "2014.09.09"]
[Round "3"]
[White "Montoli, Sebastian"]
[Black "Suarez Ohiggins, Luis"]
[Result "1/2-1/2"]
[WhiteElo "1738"]
[BlackElo "1931"]
[PlyCount "61"]
[EventDate "2014.09.08"]
[EventType "swiss"]
[EventRounds "9"]
[EventCountry "URU"]
[SourceTitle "EXT 2016"]
[Source "ChessBase"]
[SourceDate "2015.10.08"]
[SourceVersion "1"]
[SourceVersionDate "2015.10.08"]
[SourceQuality "1"]

1. e4 e5 2. Nf3 Nc6 3. d4 exd4 4. Nxd4 Bc5 5. Be3 Qf6 6. c3 Nge7 7. Bc4 Ne5 8. Bb3 Qg6 9. 0-0 Qxe4 10. Nd2 Qg6 11. Nb5 Qb6 12. Qh5 d6 13. Bxc5 Qxc5 14. Nd4 N5g6 15. Qf3 0-0 16. Ne4 Qe5 17. Rae1 Bd7 18. Ng3 Qc5 19. Qxb7 Rab8 20. Qf3 Nc6 21. Nxc6 Bxc6 22. Qe3 Qxe3 23. Rxe3 a5 24. Rb1 a4 25. Bc2 Ne5 26. b3 axb3 27. axb3 Ra8 28. Be4 Rfb8 29. Bxc6 Nxc6 30. Rbe1 Kf8 31. b4 1/2-1/2

[Event "Pan American-ch U18"]
[Site "Oaxtepec"]
[Date "2014.07.12"]
[Round "2"]
[White "Husbands, Orlando"]
[Black "Suarez Ohiggins, Luis"]
[Result "1-0"]
[WhiteElo "2110"]
[BlackElo "1930"]
[PlyCount "61"]
[EventDate "2014.07.11"]
[EventType "swiss"]
[EventRounds "9"]
[EventCountry "MEX"]
[SourceTitle "EXT 2022"]
[Source "ChessBase"]
[SourceDate "2021.10.06"]
[SourceVersion "1"]
[SourceVersionDate "2021.10.06"]
[SourceQuality "1"]

1. e4 e5 2. Nf3 Nc6 3. d4 exd4 4. Bc4 Nf6 5. e5 d5 6. Bb5 Ne4 7. Nxd4 Bc5 8. Be3 Bd7 9. Bxc6 bxc6 10. Nd2 Qh4 11. 0-0 Bb6 12. Nxe4 Qxe4 13. Re1 Bxd4 14. Bxd4 Qg6 15. Bc5 Bh3 16. Qf3 Bf5 17. c3 Be4 18. Qh3 h6 19. f3 Bf5 20. Qh4 Qg5 21. Qa4 Bd7 22. Re2 h5 23. Rae1 Qf5 24. Qa6 Rh6 25. Qb7 Rc8 26. Qxa7 Rg6 27. Bb4 Qg5 28. Qc5 Kd8 29. f4 Qh4 30. f5 Rxg2+ 31. Kxg2 1-0

[Event "CHI-ch sf Centro"]
[Site "Santiago de Chile"]
[Date "2014.01.24"]
[Round "3"]
[White "Suarez Ohiggins, Luis"]
[Black "Caceres Vasquez, Sergio"]
[Result "1/2-1/2"]
[WhiteElo "1835"]
[BlackElo "2149"]
[PlyCount "91"]
[EventDate "2014.01.22"]
[EventType "swiss"]
[EventRounds "7"]
[EventCountry "CHI"]
[SourceTitle "CBM 158 Extra"]
[Source "ChessBase"]
[SourceDate "2014.02.28"]
[SourceVersion "1"]
[SourceVersionDate "2014.02.28"]
[SourceQuality "1"]

1. Nf3 c5 2. c4 Nc6 3. Nc3 e5 4. e3 f5 5. d3 Nf6 6. Be2 d6 7. 0-0 Be7 8. d4 e4 9. Ne1 0-0 10. f3 Re8 11. Nc2 Bf8 12. Rb1 b6 13. f4 Qc7 14. d5 Nd8 15. b3 a6 16. Bb2 Rb8 17. a4 Nf7 18. Qe1 Be7 19. Kh1 Kh8 20. Ba1 Nh6 21. h3 Rg8 22. Nd1 Ne8 23. Nf2 Bf6 24. Bxf6 Nxf6 25. Qc3 Qe7 26. g3 Bd7 27. Kh2 b5 28. axb5 axb5 29. Ra1 b4 30. Qb2 Ra8 31. Rxa8 Rxa8 32. Ra1 Qd8 33. Ra2 Ne8 34. Qa1 Nc7 35. Rxa8 Qxa8 36. Qxa8+ Nxa8 37. g4 g6 38. g5 Nf7 39. h4 Nd8 40. Bd1 Nb7 41. Na1 Na5 42. Be2 Nb6 43. Nd1 Be8 44. Nb2 Bf7 45. Kg2 Kg7 46. Kf2 1/2-1/2

[Event "CHI-ch sf Centro"]
[Site "Santiago de Chile"]
[Date "2014.01.22"]
[Round "1"]
[White "Suarez Ohiggins, Luis"]
[Black "Urzua Duran, Manuel"]
[Result "1-0"]
[WhiteElo "1835"]
[BlackElo "2161"]
[PlyCount "91"]
[EventDate "2014.01.22"]
[EventType "swiss"]
[EventRounds "7"]
[EventCountry "CHI"]
[SourceTitle "CBM 158 Extra"]
[Source "ChessBase"]
[SourceDate "2014.02.28"]
[SourceVersion "1"]
[SourceVersionDate "2014.02.28"]
[SourceQuality "1"]

1. Nf3 e6 2. c4 f5 3. Nc3 Nf6 4. d4 d5 5. Bg5 c6 6. e3 Bd6 7. Bd3 0-0 8. 0-0 Qe8 9. Rc1 Ne4 10. Bf4 Bxf4 11. exf4 Nd7 12. Re1 Qe7 13. Ne5 Nxe5 14. fxe5 Bd7 15. f3 Nxc3 16. bxc3 b5 17. c5 Qg5 18. Rc2 Be8 19. Qd2 f4 20. Kh1 Bg6 21. Bxg6 Qxg6 22. Rb2 Rab8 23. Reb1 Qf5 24. Qd1 g5 25. a4 a6 26. axb5 axb5 27. Ra1 Ra8 28. Rba2 Rxa2 29. Rxa2 Rb8 30. h3 b4 31. Rb2 b3 32. Rxb3 Rxb3 33. Qxb3 Qd3 34. Kh2 Qe3 35. Qb8+ Kg7 36. Qc7+ Kg6 37. Qxc6 Qxc3 38. Qxe6+ Kh5 39. Qg4+ Kg6 40. h4 Qxd4 41. Qxg5+ Kf7 42. Qf6+ Ke8 43. Qh8+ Kd7 44. Qxh7+ Kc6 45. e6 Kb5 46. e7 1-0